Delenie spájaných materiálov vodným lúčom : Bakalárska práca

Guardado en:
Detalles Bibliográficos
Autor principal: Oravec, Martin (Autor)
Otros Autores: Púčik, Vladimír, 1953- (xxx)
Formato: Manuscrito Libro
Lenguaje:eslovaco
Publicado: Trnava : STU v Bratislave MtF KZv, 2006
Materias:
Etiquetas: Agregar Etiqueta
Sin Etiquetas, Sea el primero en etiquetar este registro!

MARC

LEADER 00000ntm a22000003a 4500
001 stu128703
005 20160719155520.2
008 061025s2006----xo------------------slo-d
040 |a STU  |b slo 
041 0 |a slo 
044 |a xo 
100 1 |a Oravec, Martin  |4 aut 
245 1 |a Delenie spájaných materiálov vodným lúčom :  |b Bakalárska práca 
260 |a Trnava :  |b STU v Bratislave MtF KZv,  |c 2006 
300 |a 53 s  |c 1 CD-ROM 
650 7 |a technológie strojárskej výroby  |2 stusub 
650 7 |a delenie materiálov  |2 stusub 
650 7 |a delenie vodným lúčom  |2 stusub 
700 1 |a Púčik, Vladimír,  |d 1953-  |4 xxx  |u M3000  |U MTF Materiálovotechnologická fakulta  |T MTF Ústav výrobných technológií  |X 265  |U M3000  |Y 83  |7 A000000265 
700 1 |a Gatial, Martin,  |d 1975-  |4 csl  |u M140  |T MTF Katedra zvárania  |X 2768  |U M140  |Y M140  |7 A000002768 
996 |b 284M074408  |c M*BP-1762  |l MMSKP  |s P  |a 0  |w stu128703_0001